000
00283nam a22001097a 4500
008
230627b xxu||||| |||| 00| 0 eng d
082
_a
338.9
_b
GPK
245
_a
Sessional Paper No. 51 of 1955
_b
The Development Programme 1954-57
260
_b
GOK
300
_a
VI,126p
942
_2
ddc
_c
BK
999
_c
2891
_d
2891